000 01631nam0a22003251 4500
001 RU\NLR\INFOCOMM_195\5000070898
005 20260406110624.0
035 _a(NLR Aleph) 009374355
090 _a7942369
_c7942369
100 _a20101227d1987 |||y0rusy50 ca
101 0 _afre
102 _aRU
105 _ay ||||000|y
200 1 _aRendre plus riche et plus intense la vie des travailleurs
_eDiscours du Secrétaire général du C. C. du P. C. U. S. au Meet. de l'amitié roum.-sov., Bucarest, 26 mai 1987
_fMikhaïl Gorbatchev
210 _aM.
_cÉd. de l'Agence de presse "Novosti"
_d1987
215 _a16 с.
_d19 см
300 _aНа обороте тит. л.: Сделать богаче, полнокровнее жизнь людей труда: Речь Генерального секретаря ЦК КПСС на Митинге румыно-сов. дружбы / Михаил Сергеевич Горбачев
601 0 2 _aКПСС
_xИстория
_jДокументы и материалы
_2nlr_sh1
606 _aКоммунистическое строительство в СССР
_2nlr_sh1
606 _aСоциалистические государства
_xИстория
_2nlr_sh1
686 _aТ3(2)73, 02
_2rubbk
686 _aТ3(0)637, 02
_2rubbk
686 _aФ61(2)273-415
_2rubbk
700 1 _4070
_8rus
_7ba
_aGorbačev
_bM. S.
_cгос. деятель
_f1931-2022
_gMichail Sergeevič
_3RU\NLR\AUTH\77110387
_993312
790 1 _9z01700
_aGorbatchev
_bM.
_gMikhaïl
_4070
801 1 _aRU
_bNLR
_c20101227
801 0 _aRU
_bNLR
_gPSBO
852 _aNLR
_jИр51 Д-4/609
942 _cBOOK
980 _aNB